Analýza trhu nehnuteľností na Slovensku bakalárska práca

Saved in:
Bibliographic Details
Main Author: Pidanič, Patrik
Corporate Author: Národohospodárska fakulta EU. Katedra bankovníctva a medzinárodných financií
Other Authors: Cesnak, Martin, 1994-
Format: Book
Language:Slovak
Published: Bratislava 2025
Tags: Add Tag
No Tags, Be the first to tag this record!

MARC

LEADER 00000nbm a2200000 4500
001 0309150
005 20260102110301.0
041 0 |a slo 
044 |a SK 
245 1 0 |a Analýza trhu nehnuteľností na Slovensku  |b bakalárska práca  |c Patrik Pidanič ; školiteľ: Martin Cesnak 
264 1 |a Bratislava  |c 2025 
300 |a 47 s. 
100 1 |a Pidanič, Patrik 
700 1 |a Cesnak, Martin, 1994- 
710 2 |a Národohospodárska fakulta EU. Katedra bankovníctva a medzinárodných financií